[Event "Deutsche Ländermeisterschaft 2025"]
[Site "Oer-Erkenschwick GER"]
[Date "2025.10.01"]
[Round "2"]
[White "Allen, Phillipp"]
[Black "Steinbrenner, Peter"]
[Result "1/2-1/2"]
[Termination "normal"]
[Board "4.6"]
[WhiteElo "1864"]
[BlackElo "2007"]
[WhiteClock "00:16:00"]
[BlackClock "01:14:54"]
[WhiteTeam "Nordrhein-Westfalen 2"]
[BlackTeam "Rheinland-Pfalz"]
[PlyCount "102"]
[WhiteFideId "16272846"]
[BlackFideId "34645535"]
[EventCountry "GER"]
[EventRounds "7"]
[EventType "team-swiss"]
[EventDate "2025.09.30"]

1. d4 {[%clk 01:30:58]} {[%emt 00:00:02]} Nf6 {[%clk 01:30:54]} {[%emt
00:00:06]} 2. c4 {[%clk 01:31:22]} {[%emt 00:00:06]} e6 {[%clk 01:31:18]}
{[%emt 00:00:06]} 3. Nf3 {[%clk 01:31:47]} {[%emt 00:00:05]} d5 {[%clk
01:31:41]} {[%emt 00:00:06]} 4. Nc3 {[%clk 01:32:10]} {[%emt 00:00:07]} Bb4
{[%clk 01:31:30]} {[%emt 00:00:41]} 5. Bg5 {[%clk 01:32:09]} {[%emt 00:00:32]}
O-O {[%clk 01:30:50]} {[%emt 00:01:11]} 6. e3 {[%clk 01:32:23]} {[%emt
00:00:16]} h6 {[%clk 01:28:15]} {[%emt 00:03:04]} 7. Bxf6 {[%clk 01:32:17]}
{[%emt 00:00:36]} Qxf6 {[%clk 01:28:29]} {[%emt 00:00:16]} 8. Qb3 {[%clk
01:31:11]} {[%emt 00:01:37]} Bxc3+ {[%clk 01:26:49]} {[%emt 00:02:10]} 9. Qxc3
{[%clk 01:31:32]} {[%emt 00:00:09]} c6 {[%clk 01:25:16]} {[%emt 00:02:03]} 10.
Bd3 {[%clk 01:30:14]} {[%emt 00:01:49]} Nd7 {[%clk 01:24:13]} {[%emt 00:01:33]}
11. O-O {[%clk 01:27:06]} {[%emt 00:03:36]} Re8 {[%clk 01:21:30]} {[%emt
00:03:14]} 12. e4 {[%clk 01:26:13]} {[%emt 00:01:24]} dxe4 {[%clk 01:18:04]}
{[%emt 00:03:55]} 13. Bxe4 {[%clk 01:26:36]} {[%emt 00:00:07]} Qf4 {[%clk
01:15:48]} {[%emt 00:02:46]} 14. Rfe1 {[%clk 01:20:07]} {[%emt 00:06:59]} Nf6
{[%clk 01:13:16]} {[%emt 00:03:02]} 15. Bc2 {[%clk 01:17:39]} {[%emt 00:02:58]}
Qc7 {[%clk 01:10:40]} {[%emt 00:03:07]} 16. Rad1 {[%clk 01:12:46]} {[%emt
00:05:23]} b6 {[%clk 01:08:38]} {[%emt 00:02:32]} 17. Ne5 {[%clk 00:58:14]}
{[%emt 00:15:02]} Bb7 {[%clk 01:07:20]} {[%emt 00:01:48]} 18. Be4 {[%clk
00:46:21]} {[%emt 00:12:23]} Nxe4 {[%clk 01:02:00]} {[%emt 00:05:50]} 19. Rxe4
{[%clk 00:46:47]} {[%emt 00:00:05]} c5 {[%clk 01:02:26]} {[%emt 00:00:04]} 20.
Rg4 {[%clk 00:39:25]} {[%emt 00:07:51]} cxd4 {[%clk 01:02:28]} {[%emt
00:00:28]} 21. Qxd4 {[%clk 00:36:08]} {[%emt 00:03:47]} Rad8 {[%clk 00:59:48]}
{[%emt 00:03:11]} 22. Nd7 {[%clk 00:28:50]} {[%emt 00:07:48]} e5 {[%clk
00:59:23]} {[%emt 00:00:55]} 23. Qd6 {[%clk 00:13:24]} {[%emt 00:15:56]} Qxd6
{[%clk 00:59:35]} {[%emt 00:00:18]} 24. Rxd6 {[%clk 00:13:53]} {[%emt
00:00:02]} Kh8 {[%clk 00:59:22]} {[%emt 00:00:43]} 25. Rg3 {[%clk 00:08:50]}
{[%emt 00:05:33]} e4 {[%clk 00:59:46]} {[%emt 00:00:06]} 26. c5 {[%clk
00:01:16]} {[%emt 00:08:05]} bxc5 {[%clk 00:59:32]} {[%emt 00:00:44]} 27. Rb3
{[%clk 00:01:34]} {[%emt 00:00:12]} Ba8 {[%clk 00:57:23]} {[%emt 00:02:38]} 28.
Kf1 {[%clk 00:01:29]} {[%emt 00:00:35]} Kh7 {[%clk 00:52:40]} {[%emt 00:05:13]}
29. Ra3 {[%clk 00:01:03]} {[%emt 00:00:56]} Bc6 {[%clk 00:46:23]} {[%emt
00:06:47]} 30. Rxc6 {[%clk 00:01:08]} {[%emt 00:00:24]} Rxd7 {[%clk 00:46:49]}
{[%emt 00:00:04]} 31. Ke2 {[%clk 00:00:58]} {[%emt 00:00:40]} Re5 {[%clk
00:46:30]} {[%emt 00:00:48]} 32. Rc3 {[%clk 00:00:48]} {[%emt 00:00:41]} Red5
{[%clk 00:46:53]} {[%emt 00:00:08]} 33. Rc2 {[%clk 00:01:08]} {[%emt 00:00:09]}
Rb7 {[%clk 00:46:59]} {[%emt 00:00:24]} 34. b3 {[%clk 00:01:24]} {[%emt
00:00:14]} Rb5 {[%clk 00:47:00]} {[%emt 00:00:29]} 35. Rc7 {[%clk 00:01:34]}
{[%emt 00:00:20]} f5 {[%clk 00:46:23]} {[%emt 00:01:07]} 36. Rxa7 {[%clk
00:01:53]} {[%emt 00:00:11]} Kg6 {[%clk 00:45:13]} {[%emt 00:01:39]} 37. Ra6+
{[%clk 00:02:05]} {[%emt 00:00:19]} Kf7 {[%clk 00:45:15]} {[%emt 00:00:27]} 38.
Rd2 {[%clk 00:02:07]} {[%emt 00:00:28]} Rxd2+ {[%clk 00:44:24]} {[%emt
00:01:22]} 39. Kxd2 {[%clk 00:02:36]} {[%emt 00:00:01]} f4 {[%clk 00:44:20]}
{[%emt 00:00:34]} 40. Ra4 {[%clk 00:02:51]} {[%emt 00:00:15]} Rb4 {[%clk
00:43:00]} {[%emt 00:01:50]} 41. Ra5 {[%clk 00:01:46]} {[%emt 00:01:35]} Rd4+
{[%clk 00:42:33]} {[%emt 00:00:57]} 42. Ke2 {[%clk 00:01:37]} {[%emt 00:00:39]}
Rd5 {[%clk 00:42:48]} {[%emt 00:00:15]} 43. b4 {[%clk 00:00:42]} {[%emt
00:01:25]} Ke6 {[%clk 00:42:59]} {[%emt 00:00:19]} 44. bxc5 {[%clk 00:30:16]}
{[%emt 00:00:56]} Kd7 {[%clk 01:13:14]} {[%emt 00:00:15]} 45. Ra7+ {[%clk
00:29:46]} {[%emt 00:01:00]} Kc6 {[%clk 01:13:35]} {[%emt 00:00:09]} 46. Rxg7
{[%clk 00:29:28]} {[%emt 00:00:48]} Rxc5 {[%clk 01:14:01]} {[%emt 00:00:04]}
47. Rg6+ {[%clk 00:28:49]} {[%emt 00:01:09]} Kd5 {[%clk 01:13:53]} {[%emt
00:00:38]} 48. Rxh6 {[%clk 00:23:40]} {[%emt 00:05:38]} Rc2+ {[%clk 01:14:13]}
{[%emt 00:00:11]} 49. Ke1 {[%clk 00:22:43]} {[%emt 00:01:26]} Rxa2 {[%clk
01:14:38]} {[%emt 00:00:05]} 50. Rf6 {[%clk 00:15:48]} {[%emt 00:07:25]} Ra1+
{[%clk 01:14:29]} {[%emt 00:00:39]} 51. Ke2 {[%clk 00:16:00]} {[%emt 00:00:18]}
Ra2+ {[%clk 01:14:54]} {[%emt 00:00:06]} 1/2-1/2

[Event "Deutsche Ländermeisterschaft 2025"]
[Site "Oer-Erkenschwick GER"]
[Date "2025.10.01"]
[Round "2"]
[White "Gyácsok, Dzvinka"]
[Black "Bohatyrova, Mariia"]
[Result "0-1"]
[Termination "normal"]
[Board "4.7"]
[WhiteElo "1676"]
[BlackElo "1793"]
[WhiteClock "00:03:57"]
[BlackClock "00:08:10"]
[WhiteTeam "Rheinland-Pfalz"]
[BlackTeam "Nordrhein-Westfalen 2"]
[PlyCount "116"]
[WhiteFideId "16298292"]
[BlackFideId "34165789"]
[EventCountry "GER"]
[EventRounds "7"]
[EventType "team-swiss"]
[EventDate "2025.09.30"]

1. e4 {[%clk 01:30:59]} {[%emt 00:00:01]} c5 {[%clk 01:30:44]} {[%emt
00:00:16]} 2. Nf3 {[%clk 01:31:19]} {[%emt 00:00:10]} d6 {[%clk 01:31:05]}
{[%emt 00:00:09]} 3. d4 {[%clk 01:31:36]} {[%emt 00:00:13]} cxd4 {[%clk
01:31:28]} {[%emt 00:00:07]} 4. Nxd4 {[%clk 01:31:45]} {[%emt 00:00:21]} Nf6
{[%clk 01:31:40]} {[%emt 00:00:18]} 5. Nc3 {[%clk 01:31:03]} {[%emt 00:01:12]}
g6 {[%clk 01:31:54]} {[%emt 00:00:16]} 6. Be3 {[%clk 01:29:12]} {[%emt
00:02:22]} Nc6 {[%clk 01:31:02]} {[%emt 00:01:20]} 7. f3 {[%clk 01:25:45]}
{[%emt 00:03:58]} h5 {[%clk 01:30:53]} {[%emt 00:00:39]} 8. Bc4 {[%clk
01:20:42]} {[%emt 00:05:33]} Bg7 {[%clk 01:20:47]} {[%emt 00:10:36]} 9. Qd2
{[%clk 01:14:29]} {[%emt 00:06:44]} Bd7 {[%clk 01:12:13]} {[%emt 00:09:03]} 10.
O-O {[%clk 01:08:15]} {[%emt 00:06:45]} a6 {[%clk 01:08:31]} {[%emt 00:04:10]}
11. a4 {[%clk 01:03:02]} {[%emt 00:05:45]} Ne5 {[%clk 01:03:50]} {[%emt
00:05:10]} 12. Bb3 {[%clk 00:59:10]} {[%emt 00:04:23]} Rc8 {[%clk 01:02:02]}
{[%emt 00:02:14]} 13. Rfd1 {[%clk 00:53:44]} {[%emt 00:05:59]} O-O {[%clk
00:45:29]} {[%emt 00:17:03]} 14. Bh6 {[%clk 00:49:21]} {[%emt 00:04:54]} Nc4
{[%clk 00:37:16]} {[%emt 00:08:41]} 15. Bxc4 {[%clk 00:35:45]} {[%emt
00:14:09]} Bxh6 {[%clk 00:35:55]} {[%emt 00:01:51]} 16. Bxf7+ {[%clk 00:32:08]}
{[%emt 00:04:07]} Kg7 {[%clk 00:35:32]} {[%emt 00:00:51]} 17. Qe2 {[%clk
00:28:37]} {[%emt 00:04:02]} Kxf7 {[%clk 00:32:03]} {[%emt 00:03:59]} 18. e5
{[%clk 00:25:35]} {[%emt 00:03:33]} dxe5 {[%clk 00:31:41]} {[%emt 00:00:52]}
19. Qxe5 {[%clk 00:24:33]} {[%emt 00:01:32]} Qc7 {[%clk 00:30:53]} {[%emt
00:01:13]} 20. Qe2 {[%clk 00:19:36]} {[%emt 00:05:31]} Bf4 {[%clk 00:25:28]}
{[%emt 00:05:49]} 21. g3 {[%clk 00:16:36]} {[%emt 00:03:38]} Be5 {[%clk
00:24:58]} {[%emt 00:00:54]} 22. Kg2 {[%clk 00:15:43]} {[%emt 00:01:26]} Rfd8
{[%clk 00:18:12]} {[%emt 00:07:15]} 23. Qe3 {[%clk 00:11:29]} {[%emt 00:04:46]}
Qc5 {[%clk 00:16:53]} {[%emt 00:01:46]} 24. Nce2 {[%clk 00:10:06]} {[%emt
00:01:56]} Bxd4 {[%clk 00:15:54]} {[%emt 00:01:29]} 25. Nxd4 {[%clk 00:09:08]}
{[%emt 00:01:28]} e5 {[%clk 00:13:41]} {[%emt 00:02:42]} 26. Qb3+ {[%clk
00:04:56]} {[%emt 00:04:43]} Qc4 {[%clk 00:13:03]} {[%emt 00:01:06]} 27. Qxc4+
{[%clk 00:02:50]} {[%emt 00:02:39]} Rxc4 {[%clk 00:13:23]} {[%emt 00:00:09]}
28. Nb3 {[%clk 00:03:04]} {[%emt 00:00:15]} Rxc2+ {[%clk 00:13:42]} {[%emt
00:00:12]} 29. Kg1 {[%clk 00:02:20]} {[%emt 00:01:13]} Ke7 {[%clk 00:12:36]}
{[%emt 00:01:36]} 30. Re1 {[%clk 00:01:41]} {[%emt 00:01:09]} Rxb2 {[%clk
00:11:03]} {[%emt 00:02:04]} 31. Rxe5+ {[%clk 00:01:09]} {[%emt 00:01:02]} Kf7
{[%clk 00:11:06]} {[%emt 00:00:26]} 32. Nc5 {[%clk 00:00:59]} {[%emt 00:00:41]}
Re8 {[%clk 00:07:23]} {[%emt 00:04:11]} 33. Nxd7 {[%clk 00:01:00]} {[%emt
00:00:31]} Nxd7 {[%clk 00:07:46]} {[%emt 00:00:07]} 34. Rd5 {[%clk 00:01:16]}
{[%emt 00:00:13]} Ne5 {[%clk 00:07:45]} {[%emt 00:00:30]} 35. Ra3 {[%clk
00:01:05]} {[%emt 00:00:42]} Rc8 {[%clk 00:07:22]} {[%emt 00:00:51]} 36. Rd1
{[%clk 00:01:15]} {[%emt 00:00:22]} Rcc2 {[%clk 00:07:33]} {[%emt 00:00:19]}
37. Re3 {[%clk 00:01:06]} {[%emt 00:00:40]} Rg2+ {[%clk 00:07:06]} {[%emt
00:00:57]} 38. Kf1 {[%clk 00:00:50]} {[%emt 00:00:45]} Rbf2+ {[%clk 00:06:57]}
{[%emt 00:00:38]} 39. Ke1 {[%clk 00:01:06]} {[%emt 00:00:16]} Nxf3+ {[%clk
00:06:29]} {[%emt 00:00:58]} 40. Rxf3+ {[%clk 00:01:25]} {[%emt 00:00:11]} Rxf3
{[%clk 00:06:53]} {[%emt 00:00:06]} 41. Rd7+ {[%clk 00:01:28]} {[%emt
00:00:27]} Kf8 {[%clk 00:06:59]} {[%emt 00:00:24]} 42. Rxb7 {[%clk 00:01:36]}
{[%emt 00:00:23]} Ra3 {[%clk 00:07:15]} {[%emt 00:00:13]} 43. Rb8+ {[%clk
00:01:42]} {[%emt 00:00:26]} Kg7 {[%clk 00:07:40]} {[%emt 00:00:05]} 44. Rb7+
{[%clk 00:01:50]} {[%emt 00:00:22]} Kh6 {[%clk 00:08:04]} {[%emt 00:00:05]} 45.
Kf1 {[%clk 00:02:02]} {[%emt 00:00:18]} Rc2 {[%clk 00:07:54]} {[%emt 00:00:38]}
46. Rb1 {[%clk 00:02:03]} {[%emt 00:00:32]} Rxh2 {[%clk 00:07:45]} {[%emt
00:00:39]} 47. Kg1 {[%clk 00:02:21]} {[%emt 00:00:12]} Raa2 {[%clk 00:08:02]}
{[%emt 00:00:13]} 48. a5 {[%clk 00:02:12]} {[%emt 00:00:40]} Rag2+ {[%clk
00:08:08]} {[%emt 00:00:23]} 49. Kf1 {[%clk 00:02:36]} {[%emt 00:00:07]} Rxg3
{[%clk 00:08:28]} {[%emt 00:00:10]} 50. Rb6 {[%clk 00:02:44]} {[%emt 00:00:21]}
Ra3 {[%clk 00:07:20]} {[%emt 00:01:36]} 51. Kg1 {[%clk 00:02:49]} {[%emt
00:00:28]} Rc2 {[%clk 00:07:42]} {[%emt 00:00:05]} 52. Rb1 {[%clk 00:02:49]}
{[%emt 00:00:33]} h4 {[%clk 00:07:56]} {[%emt 00:00:16]} 53. Kf1 {[%clk
00:02:45]} {[%emt 00:00:33]} h3 {[%clk 00:08:17]} {[%emt 00:00:08]} 54. Kg1
{[%clk 00:03:09]} {[%emt 00:00:07]} Raa2 {[%clk 00:07:18]} {[%emt 00:01:28]}
55. Re1 {[%clk 00:03:06]} {[%emt 00:00:31]} Rg2+ {[%clk 00:07:23]} {[%emt
00:00:27]} 56. Kh1 {[%clk 00:03:18]} {[%emt 00:00:18]} Rh2+ {[%clk 00:07:46]}
{[%emt 00:00:06]} 57. Kg1 {[%clk 00:03:38]} {[%emt 00:00:11]} Rag2+ {[%clk
00:08:10]} {[%emt 00:00:06]} 58. Kf1 {[%clk 00:03:57]} {[%emt 00:00:12]} Rh1#
{[%emt 00:00:05]} 0-1

[Event "Deutsche Ländermeisterschaft 2025"]
[Site "Oer-Erkenschwick GER"]
[Date "2025.10.01"]
[Round "2"]
[White "Göb, Franziska"]
[Black "Frydel, Helena"]
[Result "1-0"]
[Termination "normal"]
[Board "4.8"]
[WhiteElo "1683"]
[BlackElo "1549"]
[WhiteClock "00:17:42"]
[BlackClock "00:26:55"]
[WhiteTeam "Nordrhein-Westfalen 2"]
[BlackTeam "Rheinland-Pfalz"]
[PlyCount "97"]
[WhiteFideId "16293177"]
[BlackFideId "16266536"]
[EventCountry "GER"]
[EventRounds "7"]
[EventType "team-swiss"]
[EventDate "2025.09.30"]

1. e4 {[%clk 01:30:59]} c5 {[%clk 01:30:43]} {[%emt 00:00:18]} 2. Nf3 {[%clk
01:31:24]} {[%emt 00:00:05]} Nc6 {[%clk 01:30:56]} {[%emt 00:00:17]} 3. d4
{[%clk 01:31:46]} {[%emt 00:00:07]} cxd4 {[%clk 01:31:21]} {[%emt 00:00:05]} 4.
Nxd4 {[%clk 01:32:13]} {[%emt 00:00:04]} g6 {[%clk 01:31:26]} {[%emt 00:00:25]}
5. Be3 {[%clk 01:30:29]} {[%emt 00:02:13]} Bg7 {[%clk 01:31:42]} {[%emt
00:00:15]} 6. c3 {[%clk 01:29:09]} {[%emt 00:01:51]} Nf6 {[%clk 01:28:57]}
{[%emt 00:03:15]} 7. Nd2 {[%clk 01:24:17]} {[%emt 00:05:21]} O-O {[%clk
01:27:30]} {[%emt 00:01:57]} 8. h3 {[%clk 01:22:05]} {[%emt 00:02:42]} d6
{[%clk 01:25:05]} {[%emt 00:02:56]} 9. Bd3 {[%clk 01:18:04]} {[%emt 00:04:30]}
Bd7 {[%clk 01:21:53]} {[%emt 00:03:42]} 10. O-O {[%clk 01:15:26]} {[%emt
00:03:08]} Rc8 {[%clk 01:10:00]} {[%emt 00:12:24]} 11. Kh1 {[%clk 01:05:04]}
{[%emt 00:10:51]} Nxd4 {[%clk 01:01:03]} {[%emt 00:09:28]} 12. cxd4 {[%clk
00:58:58]} {[%emt 00:06:36]} b5 {[%clk 00:59:54]} {[%emt 00:01:38]} 13. Qe2
{[%clk 00:52:45]} {[%emt 00:06:43]} a6 {[%clk 00:53:50]} {[%emt 00:06:35]} 14.
Rac1 {[%clk 00:44:02]} {[%emt 00:09:13]} Rc7 {[%clk 00:47:53]} {[%emt
00:06:28]} 15. Nb3 {[%clk 00:35:11]} {[%emt 00:09:21]} Qb8 {[%clk 00:41:38]}
{[%emt 00:06:44]} 16. Rxc7 {[%clk 00:31:41]} {[%emt 00:04:00]} Qxc7 {[%clk
00:37:22]} {[%emt 00:04:46]} 17. Rc1 {[%clk 00:31:06]} {[%emt 00:01:05]} Qb8
{[%clk 00:35:49]} {[%emt 00:02:03]} 18. Qd2 {[%clk 00:26:21]} {[%emt 00:05:15]}
Rc8 {[%clk 00:32:13]} {[%emt 00:04:06]} 19. Rf1 {[%clk 00:23:23]} {[%emt
00:03:27]} Qa8 {[%clk 00:31:05]} {[%emt 00:01:39]} 20. f3 {[%clk 00:18:26]}
{[%emt 00:05:27]} Ne8 {[%clk 00:28:51]} {[%emt 00:02:44]} 21. d5 {[%clk
00:16:34]} {[%emt 00:02:22]} e6 {[%clk 00:23:43]} {[%emt 00:05:38]} 22. dxe6
{[%clk 00:11:38]} {[%emt 00:05:26]} fxe6 {[%clk 00:22:40]} {[%emt 00:01:33]}
23. Bb1 {[%clk 00:10:17]} {[%emt 00:01:52]} Bc6 {[%clk 00:18:33]} {[%emt
00:04:36]} 24. Rd1 {[%clk 00:09:46]} {[%emt 00:01:00]} e5 {[%clk 00:16:37]}
{[%emt 00:02:27]} 25. a3 {[%clk 00:07:10]} {[%emt 00:03:07]} Rd8 {[%clk
00:12:06]} {[%emt 00:05:00]} 26. Na5 {[%clk 00:06:52]} {[%emt 00:00:48]} Bd7
{[%clk 00:08:51]} {[%emt 00:03:46]} 27. Ba2+ {[%clk 00:07:02]} {[%emt
00:00:20]} Kh8 {[%clk 00:08:30]} {[%emt 00:00:51]} 28. Bd5 {[%clk 00:06:36]}
{[%emt 00:00:55]} Qb8 {[%clk 00:08:43]} {[%emt 00:00:18]} 29. Rc1 {[%clk
00:04:56]} {[%emt 00:02:10]} Rc8 {[%clk 00:07:01]} {[%emt 00:02:12]} 30. Rd1
{[%clk 00:04:40]} {[%emt 00:00:45]} Rd8 {[%clk 00:06:17]} {[%emt 00:01:15]} 31.
Bb7 {[%clk 00:04:33]} {[%emt 00:00:36]} Bc8 {[%clk 00:05:57]} {[%emt 00:00:50]}
32. Bc6 {[%clk 00:03:37]} {[%emt 00:01:24]} Bd7 {[%clk 00:05:15]} {[%emt
00:01:13]} 33. Bd5 {[%clk 00:03:44]} {[%emt 00:00:23]} Nc7 {[%clk 00:04:58]}
{[%emt 00:00:47]} 34. Ba2 {[%clk 00:03:26]} {[%emt 00:00:48]} Bf8 {[%clk
00:04:17]} {[%emt 00:01:10]} 35. Bg5 {[%clk 00:03:27]} {[%emt 00:00:27]} Rc8
{[%clk 00:04:17]} {[%emt 00:00:32]} 36. Bf6+ {[%clk 00:03:13]} {[%emt
00:00:44]} Bg7 {[%clk 00:04:44]} {[%emt 00:00:04]} 37. Bxg7+ {[%clk 00:03:38]}
{[%emt 00:00:05]} Kxg7 {[%clk 00:05:00]} {[%emt 00:00:14]} 38. Qxd6 {[%clk
00:03:49]} {[%emt 00:00:19]} Be8 {[%clk 00:04:16]} {[%emt 00:01:15]} 39. Qxe5+
{[%clk 00:03:40]} {[%emt 00:00:39]} Kh6 {[%clk 00:04:15]} {[%emt 00:00:30]} 40.
Qf4+ {[%clk 00:02:51]} {[%emt 00:01:18]} Kg7 {[%clk 00:04:37]} {[%emt
00:00:09]} 41. e5 {[%clk 00:30:01]} {[%emt 00:03:20]} Rd8 {[%clk 00:32:29]}
{[%emt 00:02:39]} 42. Qf6+ {[%clk 00:29:03]} {[%emt 00:01:27]} Kh6 {[%clk
00:32:50]} {[%emt 00:00:10]} 43. Rxd8 {[%clk 00:28:56]} {[%emt 00:00:37]} Qa7
{[%clk 00:30:35]} {[%emt 00:02:45]} 44. Bg8 {[%clk 00:24:45]} {[%emt 00:04:40]}
Qf2 {[%clk 00:29:57]} {[%emt 00:01:08]} 45. b4 {[%clk 00:17:51]} {[%emt
00:07:25]} Qe1+ {[%clk 00:28:17]} {[%emt 00:02:11]} 46. Kh2 {[%clk 00:18:14]}
{[%emt 00:00:06]} Qe3 {[%clk 00:26:24]} {[%emt 00:02:23]} 47. Qh4+ {[%clk
00:17:29]} {[%emt 00:01:14]} Kg7 {[%clk 00:26:31]} {[%emt 00:00:24]} 48. Qxh7+
{[%clk 00:17:42]} {[%emt 00:00:17]} Kf8 {[%clk 00:26:55]} {[%emt 00:00:07]} 49.
Qf7# {[%emt 00:00:44]} 1-0

[Event "Deutsche Ländermeisterschaft 2025"]
[Site "Oer-Erkenschwick GER"]
[Date "2025.10.01"]
[Round "2"]
[White "Nunez Grégoire, Daniel"]
[Black "Eilenberg, Jonas"]
[Result "1/2-1/2"]
[Termination "normal"]
[Board "5.1"]
[BlackTitle "FM"]
[WhiteElo "2245"]
[BlackElo "2346"]
[WhiteClock "00:16:07"]
[BlackClock "00:32:55"]
[WhiteTeam "Württemberg"]
[BlackTeam "Berlin"]
[PlyCount "104"]
[WhiteFideId "34627103"]
[BlackFideId "16204271"]
[EventCountry "GER"]
[EventRounds "7"]
[EventType "team-swiss"]
[EventDate "2025.09.30"]

1. d4 {[%clk 01:30:59]} d5 {[%clk 01:30:39]} {[%emt 00:00:21]} 2. Nf3 {[%clk
01:31:25]} {[%emt 00:00:04]} c5 {[%clk 01:30:49]} {[%emt 00:00:20]} 3. e3
{[%clk 01:30:35]} {[%emt 00:01:21]} Nf6 {[%clk 01:29:56]} {[%emt 00:01:22]} 4.
c3 {[%clk 01:28:58]} {[%emt 00:02:07]} e6 {[%clk 01:30:15]} {[%emt 00:00:11]}
5. Bd3 {[%clk 01:29:04]} {[%emt 00:00:24]} Nbd7 {[%clk 01:29:54]} {[%emt
00:00:51]} 6. Ne5 {[%clk 01:27:51]} {[%emt 00:01:44]} Nxe5 {[%clk 01:24:21]}
{[%emt 00:06:02]} 7. dxe5 {[%clk 01:28:15]} {[%emt 00:00:07]} Nd7 {[%clk
01:24:46]} {[%emt 00:00:04]} 8. f4 {[%clk 01:28:12]} {[%emt 00:00:34]} Be7
{[%clk 01:24:26]} {[%emt 00:00:50]} 9. Nd2 {[%clk 01:27:09]} {[%emt 00:01:33]}
b6 {[%clk 01:22:45]} {[%emt 00:02:10]} 10. O-O {[%clk 01:26:16]} {[%emt
00:01:23]} Bb7 {[%clk 01:22:54]} {[%emt 00:00:20]} 11. Qg4 {[%clk 01:22:21]}
{[%emt 00:04:26]} g6 {[%clk 01:20:44]} {[%emt 00:02:40]} 12. Nf3 {[%clk
01:17:55]} {[%emt 00:04:56]} Qc7 {[%clk 01:18:05]} {[%emt 00:03:09]} 13. Bd2
{[%clk 01:15:59]} {[%emt 00:02:26]} h5 {[%clk 01:14:47]} {[%emt 00:03:48]} 14.
Qg3 {[%clk 01:12:12]} {[%emt 00:04:18]} O-O-O {[%clk 01:15:04]} {[%emt
00:00:12]} 15. h4 {[%clk 01:09:13]} {[%emt 00:03:30]} Nb8 {[%clk 01:09:03]}
{[%emt 00:06:30]} 16. b4 {[%clk 01:05:15]} {[%emt 00:04:27]} Ba6 {[%clk
00:58:03]} {[%emt 00:11:31]} 17. Bxa6+ {[%clk 01:02:56]} {[%emt 00:02:50]} Nxa6
{[%clk 00:58:30]} {[%emt 00:00:02]} 18. Qe1 {[%clk 01:00:21]} {[%emt 00:03:05]}
Nb8 {[%clk 00:55:27]} {[%emt 00:03:32]} 19. Qe2 {[%clk 00:54:47]} {[%emt
00:06:05]} Kd7 {[%clk 00:48:32]} {[%emt 00:07:25]} 20. e4 {[%clk 00:44:19]}
{[%emt 00:10:58]} Kc8 {[%clk 00:47:32]} {[%emt 00:01:30]} 21. exd5 {[%clk
00:39:57]} {[%emt 00:04:52]} exd5 {[%clk 00:47:02]} {[%emt 00:00:59]} 22. bxc5
{[%clk 00:36:44]} {[%emt 00:03:44]} Bxc5+ {[%clk 00:47:17]} {[%emt 00:00:15]}
23. Be3 {[%clk 00:36:37]} {[%emt 00:00:37]} Rhe8 {[%clk 00:46:08]} {[%emt
00:01:38]} 24. Bd4 {[%clk 00:34:50]} {[%emt 00:02:19]} Ba3 {[%clk 00:39:10]}
{[%emt 00:07:27]} 25. Rfb1 {[%clk 00:32:59]} {[%emt 00:02:21]} Qc4 {[%clk
00:39:00]} {[%emt 00:00:40]} 26. Qxc4+ {[%clk 00:27:59]} {[%emt 00:05:30]} dxc4
{[%clk 00:39:29]} {[%emt 00:00:01]} 27. Nd2 {[%clk 00:27:17]} {[%emt 00:01:11]}
Nc6 {[%clk 00:38:59]} {[%emt 00:01:02]} 28. Nxc4 {[%clk 00:24:58]} {[%emt
00:02:49]} Be7 {[%clk 00:39:28]} 29. Bf2 {[%clk 00:22:23]} {[%emt 00:03:04]}
Rd3 {[%clk 00:39:46]} {[%emt 00:00:12]} 30. Rb3 {[%clk 00:18:14]} {[%emt
00:04:39]} Red8 {[%clk 00:39:59]} {[%emt 00:00:17]} 31. Kf1 {[%clk 00:15:58]}
{[%emt 00:02:46]} Kd7 {[%clk 00:35:01]} {[%emt 00:05:28]} 32. Ke2 {[%clk
00:13:47]} {[%emt 00:02:41]} Ke6 {[%clk 00:34:47]} {[%emt 00:00:44]} 33. Nd6
{[%clk 00:13:03]} {[%emt 00:01:13]} Rd5 {[%clk 00:34:54]} {[%emt 00:00:23]} 34.
c4 {[%clk 00:12:38]} {[%emt 00:00:56]} Rd4 {[%clk 00:33:53]} {[%emt 00:01:31]}
35. Bxd4 {[%clk 00:11:03]} {[%emt 00:02:05]} Nxd4+ {[%clk 00:34:22]} {[%emt
00:00:01]} 36. Kf2 {[%clk 00:10:24]} {[%emt 00:01:09]} Nxb3 {[%clk 00:32:49]}
{[%emt 00:02:02]} 37. axb3 {[%clk 00:10:52]} {[%emt 00:00:03]} a5 {[%clk
00:31:38]} {[%emt 00:01:41]} 38. c5 {[%clk 00:06:27]} {[%emt 00:04:56]} bxc5
{[%clk 00:27:58]} {[%emt 00:04:10]} 39. Rxa5 {[%clk 00:06:13]} {[%emt
00:00:43]} Bxd6 {[%clk 00:28:13]} {[%emt 00:00:14]} 40. exd6 {[%clk 00:06:24]}
{[%emt 00:00:20]} Kxd6 {[%clk 00:28:03]} {[%emt 00:00:40]} 41. Ra6+ {[%clk
00:01:50]} {[%emt 00:05:03]} Kd5 {[%clk 00:24:45]} {[%emt 00:03:48]} 42. Ra7
{[%clk 00:01:03]} {[%emt 00:01:18]} Ke6 {[%clk 00:23:01]} {[%emt 00:02:13]} 43.
Rc7 {[%clk 00:00:33]} {[%emt 00:01:00]} Rd2+ {[%clk 00:22:28]} {[%emt
00:01:04]} 44. Kf3 {[%clk 00:29:45]} {[%emt 00:01:18]} Rc2 {[%clk 00:50:30]}
{[%emt 00:02:28]} 45. f5+ {[%clk 00:19:13]} {[%emt 00:11:02]} gxf5 {[%clk
00:49:29]} {[%emt 00:01:30]} 46. g3 {[%clk 00:19:09]} {[%emt 00:00:36]} f6
{[%clk 00:38:46]} {[%emt 00:11:12]} 47. Kf4 {[%clk 00:18:14]} {[%emt 00:01:25]}
Kd6 {[%clk 00:34:47]} {[%emt 00:04:28]} 48. Rf7 {[%clk 00:15:55]} {[%emt
00:02:49]} Ke6 {[%clk 00:34:57]} {[%emt 00:00:20]} 49. Rc7 {[%clk 00:16:01]}
{[%emt 00:00:24]} Rf2+ {[%clk 00:32:53]} {[%emt 00:02:34]} 50. Ke3 {[%clk
00:16:23]} {[%emt 00:00:08]} Rg2 {[%clk 00:32:36]} {[%emt 00:00:47]} 51. Kf3
{[%clk 00:16:07]} {[%emt 00:00:46]} Rc2 {[%clk 00:32:55]} {[%emt 00:00:10]} 52.
Ke4 {[%emt 00:00:44]} Ke5+ 1/2-1/2